Radnica Čunovo

Na minha lista:
Detalhes bibliográficos
Autor principal: Stieranka, Matúš (Author)
Outros Autores: Závodný, Ľubomír (Thesis advisor)
Formato: Manuscrito Livro
Idioma:eslovaco
Publicado em: Bratislava 2021
Assuntos:
Acesso em linha:http://is.stuba.sk/zp/portal_zp.pl?podrobnosti=145984
Tags: Adicionar Tag
Sem tags, seja o primeiro a adicionar uma tag!

MARC

LEADER 00000ntm a22000003a 4500
001 stuzp86031
003 SK-STU
005 20220210112626.8
007 ta
008 150427s2015----xo-----f-mn---000-0-slo-d
040 |a STU  |b slo 
041 0 |a slo 
100 1 |a Stieranka, Matúš  |u 051110  |4 aut  |U FAD Fakulta architektúry a dizajnu  |T FAD Ústav architektúry obytných budov  |X 93757  |U A1110  |Y 392  |7 93757 
242 0 1 |a Town Hall, Čunovo  |y eng 
245 1 0 |a Radnica Čunovo 
260 |c 2021  |a Bratislava 
650 4 |a oceľová konštrukcia  |2 slo 
650 4 |a lamely  |2 slo 
650 4 |a kontextuálny  |2 slo 
650 4 |a Čunovo  |2 slo 
650 4 |a radnica  |2 slo 
650 4 |a steel structure  |2 eng 
650 4 |a Čunovo  |2 eng 
650 4 |a townhall  |2 eng 
650 4 |a lamellae  |2 eng 
650 4 |a contextual  |2 eng 
700 1 |a Závodný, Ľubomír  |u 051110  |k Z1  |4 ths  |U FAD Fakulta architektúry a dizajnu  |T FAD Ústav architektúry obytných budov  |X 45410  |U A1110  |Y 392  |7 45410 
856 4 |u http://is.stuba.sk/zp/portal_zp.pl?podrobnosti=145984  |u https://opac.crzp.sk/?fn=detailBiblioForm&sid=6327E39BEACEDA03090D0E820365